[Event "Jan Macieja Memorial"]
[Site "Warsaw POL"]
[Date "2023.07.10"]
[Round "11.56"]
[White "Spicak, Krzysztof"]
[Black "Kitewski, Bartosz"]
[Result "0-1"]
[WhiteElo "1571"]
[BlackElo "1944"]
[EventDate "2023.07.10"]
[PlyCount "81"]

1.e4 c5 2.Nf3 d6 3.d4 cxd4 4.Nxd4 Nf6 5.Nc3 a6 6.a4 e6 7.Be2 Be7 8.O-O O-O 
9.Be3 Nc6 10.f4 Qc7 11.Qd2 Nxd4 12.Bxd4 e5 13.Be3 exf4 14.Bxf4 Be6 15.Rad1 Rfd8 
16.Bf3 Rac8 17.Kh1 Qb6 18.Qc1 Nd7 19.Nd5 Bxd5 20.Rxd5 Qc7 21.c3 Ne5 22.Be2 Qc6 
23.Qd1 Qc7 24.g3 Re8 25.Bxe5 dxe5 26.Bg4 Rcd8 27.Qf3 Bf6 28.Qe2 Qc6 29.Qd1 Qc4 
30.Re1 Bg5 31.h4 Bf6 32.Kh2 Qc7 33.Re2 Rxd5 34.exd5 Qd6 35.b4 e4 36.Qb3 Bxh4 
37.c4 Rd8 38.Kh3 Bf6 39.Rxe4 b6 40.Re2 Bg5 41.Bf3 0-1

[Event "Jan Macieja Memorial"]
[Site "Warsaw POL"]
[Date "2023.07.10"]
[Round "11.57"]
[White "Jaszczuk, Piotr"]
[Black "Rasmussen, Jonas H"]
[Result "1/2-1/2"]
[WhiteElo "1627"]
[BlackElo "1875"]
[EventDate "2023.07.10"]
[PlyCount "89"]

1.e4 e5 2.Nf3 Nc6 3.Bb5 Nf6 4.O-O Nxe4 5.Re1 Nd6 6.Nxe5 Nxe5 7.Rxe5+ Be7 8.Bf1 
O-O 9.d4 Ne8 10.c4 Nf6 11.Nc3 c6 12.Bd3 d6 13.Re1 d5 14.c5 Bg4 15.Qc2 Bh5 
16.Bg5 Re8 17.f3 Bg6 18.Bxg6 hxg6 19.Re2 Bf8 20.Rae1 Qd7 21.Nd1 Rxe2 22.Rxe2 
Re8 23.Nf2 Re6 24.Kf1 b6 25.b4 bxc5 26.bxc5 Rxe2 27.Qxe2 Qb7 28.g4 Qb4 29.Qd2 
Qc4+ 30.Kg2 Ne8 31.Bf4 Nf6 32.Qb2 Nh7 33.Bg3 Ng5 34.h4 Ne6 35.Be5 f6 36.Bd6 
Bxd6 37.cxd6 Qxd4 38.Qb8+ Kh7 39.d7 Qb6 40.Qe8 Nd8 41.h5 gxh5 42.Qxh5+ Kg8 
43.Qe8+ Kh7 44.Qh5+ Kg8 45.Qe8+ 1/2-1/2

[Event "Jan Macieja Memorial"]
[Site "Warsaw POL"]
[Date "2023.07.10"]
[Round "11.58"]
[White "Domeradzka, Karolina"]
[Black "Pettersson, Alexander"]
[Result "1-0"]
[WhiteElo "1568"]
[BlackElo "1842"]
[EventDate "2023.07.10"]
[PlyCount "156"]

1.e4 c6 2.Nc3 d5 3.Nf3 a6 4.exd5 cxd5 5.d4 Bg4 6.Be2 Nc6 7.h3 Bh5 8.Bf4 e6 
9.O-O Bd6 10.Qd2 Nf6 11.Bg5 O-O 12.Rfe1 Rc8 13.Nd1 Be7 14.Bxf6 Bxf6 15.c3 Na5 
16.Ne3 b5 17.Nh2 Bxe2 18.Qxe2 Nc4 19.Nhg4 a5 20.Nxc4 bxc4 21.Ne3 Rb8 22.Rab1 a4 
23.Qc2 Qa5 24.b3 axb3 25.axb3 cxb3 26.Rxb3 Rxb3 27.Qxb3 Rc8 28.Nd1 h6 29.Re2 
Qc7 30.Ra2 Bg5 31.Ra4 Qf4 32.Qc2 Bf6 33.Qe2 Qc1 34.Kh2 Be7 35.Ra7 Bd6+ 36.g3 
Qg5 37.Qf3 Qg6 38.Rd7 Bb8 39.Rb7 h5 40.h4 Bd6 41.Rd7 Bf8 42.Ra7 Rb8 43.Ne3 Rc8 
44.Ng2 Bd6 45.Rd7 Bb8 46.Rb7 Bc7 47.Kh1 Qc2 48.Kh2 Qg6 49.Ra7 Bb8 50.Rb7 Bd6 
51.Rd7 Bf8 52.Nf4 Qf5 53.Rb7 g6 54.Kg2 Bd6 55.Ne2 Qxf3+ 56.Kxf3 Kf8 57.Ke3 Be7 
58.Kd3 Ra8 59.Rb2 Rc8 60.Ra2 Bf6 61.Ng1 Rc7 62.Nf3 Ke7 63.Nd2 Kd6 64.Nb3 Ke7 
65.Nc5 Kf8 66.Ra8+ Kg7 67.Ra2 Be7 68.Nb3 Bf6 69.f3 Be7 70.Ra8 Bd6 71.f4 Rb7 
72.Nd2 Rb2 73.Rd8 Bc7 74.Rd7 Ba5 75.Ra7 Bb6 76.Rb7 Rb5 77.Nf3 Kf8 78.Ne5 Rb1 1-0

[Event "Jan Macieja Memorial"]
[Site "Warsaw POL"]
[Date "2023.07.10"]
[Round "11.59"]
[White "Gronkowski, Dariusz"]
[Black "Gluszko, Monika"]
[Result "0-1"]
[WhiteElo "1539"]
[BlackElo "1829"]
[EventDate "2023.07.10"]
[PlyCount "100"]

1.Nc3 d5 2.e4 d4 3.Nce2 e5 4.d3 c5 5.Ng3 Nc6 6.f4 Bd6 7.f5 g6 8.Be2 gxf5 9.exf5 
Nf6 10.Bh6 Rg8 11.Qd2 e4 12.dxe4 Bxg3+ 13.hxg3 Nxe4 14.Qf4 Nxg3 15.Rh3 Nxf5 
16.O-O-O Nxh6 17.Rxh6 Qg5 18.Qxg5 Rxg5 19.Rxh7 Rxg2 20.Rh8+ Ke7 21.Re1 Kd6 
22.Bf3 Rg3 23.Bxc6 bxc6 24.Ne2 Re3 25.Kd2 Bb7 26.Rxa8 Bxa8 27.Rh1 Bb7 28.Rh6+ 
Kd7 29.Rh7 Ke7 30.Nf4 Bc8 31.Ng6+ Kf6 32.Nh8 Be6 33.Rh2 Rh3 34.Rf2+ Kg7 35.Nxf7 
Bxf7 36.Rg2+ Kf6 37.Rf2+ Ke6 38.Rg2 Bh5 39.Rg5 Kd6 40.b3 Bf7 41.Rf5 Be6 42.Rf6 
Ke5 43.Rg6 Rh2+ 44.Kd1 Rxc2 45.Rg5+ Bf5 46.Rxf5+ Kxf5 47.Kxc2 Ke4 48.a4 a5 
49.Kd2 d3 50.b4 cxb4 0-1

[Event "Jan Macieja Memorial"]
[Site "Warsaw POL"]
[Date "2023.07.10"]
[Round "11.61"]
[White "Pancewicz, Szymon"]
[Black "Zeissel, Andrzej"]
[Result "0-1"]
[WhiteElo "1816"]
[BlackElo "1600"]
[EventDate "2023.07.10"]
[PlyCount "80"]

1.a3 e5 2.c4 Nf6 3.b4 d5 4.cxd5 Nxd5 5.Nf3 Bd6 6.Bb2 Qe7 7.Nc3 Nxc3 8.Bxc3 Bg4 
9.h3 Bh5 10.d3 Nd7 11.e3 O-O 12.Be2 c5 13.Qb3 Rac8 14.O-O a6 15.Rfc1 cxb4 
16.axb4 Kh8 17.Qb2 f6 18.Nxe5 Nxe5 19.Bxh5 Nxd3 20.Qd2 Nxc1 21.Rxc1 Bxb4 
22.Bxb4 Rxc1+ 23.Kh2 Qe5+ 24.f4 Qxh5 25.Bxf8 Rc8 26.Be7 Qf7 27.Qb4 Re8 28.Bc5 
b5 29.Qa3 Qc4 30.Bd4 b4 31.Qa1 Qc6 32.g4 b3 33.g5 Qc2+ 34.Kg3 b2 35.Bxb2 Rxe3+ 
36.Kg4 f5+ 37.Kh5 Qe2+ 38.Kh4 Qf2+ 39.Kh5 Qf3+ 40.Kh4 Qxh3# 0-1

[Event "Jan Macieja Memorial"]
[Site "Warsaw POL"]
[Date "2023.07.10"]
[Round "11.62"]
[White "Strawa, Jakub"]
[Black "Moscicka, Pola"]
[Result "0-1"]
[WhiteElo "1452"]
[BlackElo "1804"]
[EventDate "2023.07.10"]
[PlyCount "101"]

1.e4 c5 2.Nf3 Nc6 3.d4 cxd4 4.Nxd4 Nf6 5.Nc3 e5 6.Ndb5 d6 7.Bg5 a6 8.Na3 b5 
9.Nd5 Be7 10.Bxf6 Bxf6 11.c3 O-O 12.Nc2 Rb8 13.Nce3 g6 14.Nxf6+ Qxf6 15.Nd5 Qd8 
16.Qf3 Be6 17.h4 f5 18.h5 fxe4 19.Qxe4 Bf5 20.Qe2 Ne7 21.Nxe7+ Qxe7 22.g4 Be6 
23.hxg6 hxg6 24.Qd3 Qf6 25.Qg3 Kg7 26.Rd1 d5 27.Qe3 Rh8 28.Qa7+ Qf7 29.Qxf7+ 
Kxf7 30.Rxh8 Rxh8 31.Be2 Kf6 32.a4 bxa4 33.Bxa6 Rh1+ 34.Kd2 Rxd1+ 35.Kxd1 Bxg4+ 
36.Kd2 Bd7 37.Ke3 Kf5 38.f3 g5 39.Bd3+ Kf6 40.Ba6 Ke6 41.Bd3 Kd6 42.Bc2 Kc5 
43.Bb1 d4+ 44.cxd4+ exd4+ 45.Kd2 Bc6 46.Bc2 Bxf3 47.Bxa4 Kb4 48.Bd7 Kb3 49.Kc1 
g4 50.Bb5 g3 51.Bf1 0-1